Quizzes
Events
Quiz Creation
Community
Videos
Private Events
Remove Ads
Sign In
Join for FREE
Feedback
Dark Mode
Quiz Categories
Sports
Geography
Music
Movies
Television
Just For Fun
Miscellaneous
History
Literature
Language
Science
Gaming
Entertainment
Religion
Holiday
For Kids
Quiz Lab
Recent
Popular Today
Quiz Kudos Today
Editor Picks
Curator Picks
Quizzes by...
Day
Popularity
Type
Ratings
Length
Year
Community
Subscriptions
Recent Discussions
Orange Saloon
Badges
Playlists
Quests
Create
Leaderboards
Showdown
Live 5
Trivia Bingo
Activity
Puzzle Library
Sporcle Events
Private Events
Virtual Trivia
Globe League
Become a Host
Pub Owners
SporcleCon
Opinionation
Our Games
Videos
Blog
Mobile Apps
Partnerships
Remove Ads and Go Orange
Feedback
Just For Fun
Clickable
Get the Picture
Humor
Quick Pick
Word Ladder
Missing Word
Mixed Word
Blitz
Minefield
This or That
Alphabet
Color
Typing
Sporcle
Puzzle
Word Play
Follow That Line
Logic
Just For Fun
Clickable
Get the Picture
Humor
Quick Pick
Word Ladder
Missing Word
Mixed Word
Blitz
Minefield
This or That
Alphabet
Color
Typing
Sporcle
Puzzle
Word Play
Follow That Line
Logic
Random Quiz
Search Sporcle
×
Quiz Lab
Quiz Lab
Just For Fun
Doctor Who
Type in answers that appear in a list
Type in answers that appear in a list
Classic
Best Score? Go Orange.
Doctors Who: Midnight Quote Stats
Can you name the quote with the Doctor speaking to Mrs Silvestri after she has been possessed??
By
SFTxCallum
90s
42 Questions
407 Plays
407 Plays
407 Plays
Comments
Comments
Give Quiz Kudos
Give Quiz Kudos
-
- Ratings
hide this ad
More Info
Replay
Link that replays current quiz
Next Quiz
Link to next quiz in quiz playlist
You Got
0%
They Got
Avg Score
62%
Avg Friend Score
Upgrade to see
Score Distribution
Jump to the score distribution portion of the page
Score
0/42
Timer
01:30
0
Plays Today
% Correct
A
98.5%
O
96.3%
M
95.3%
N
95.1%
D
94.3%
I
94.1%
I
94.1%
B
92.6%
E
92.6%
J
92.6%
H
91.4%
C
90.6%
G
87.9%
F
87.7%
L
86.5%
K
86%
Rose
76.1%
Martha
75.9%
Donna
75.6%
Tyler,
74.4%
Noble,
73.9%
% Correct
Jones,
73.6%
TARDIS.
65.5%
The
60.3%
Doctor,
53.4%
Am,
48.3%
Medusa
47.3%
Cascade.
47.3%
So
39.9%
You're
39.7%
BANG!
38.9%
Oh,
36.5%
Handsome.
36%
Thankyou.
36%
Bananas.
35.5%
Roast
33.7%
Yes
33.7%
Beef.
33.5%
Bobble
24.9%
Dibble
24.6%
Shamble
19.7%
Dooble.
14.8%
Quiz Playlist
Details
Report
Send in Message
Add To Playlist
More Info:
This is the quote where the being possessing Mrs Silvestri starts speaking ALONG with the Doctor, at the same time.
Classic:
Type in answers that appear in a list
Last Updated: Aug 16, 2017
Quiz Scoreboard
CHALLENGE
Sign Up to Join the Scoreboard
Show All
Scores
Hide
Comments
May contain spoilers
Recently Published
An Introduction to Baseball
by treessimontrees
Sports
5m
Movies - When Are They Set?
by FPL_Elf
Movies
5m
Popular People in 1961
by mucciniale
History
6m
More to Explore
Quiz From the Vault
Featured Blog Post
Where Did the Easter Bunny Come From?
hide this ad
You Might Also Like...
Tags
Doctor Who Quiz
Quote Quiz
Filling
Today's Top Quizzes in Just For Fun
Browse Just For Fun
hide this ad
Today's Top Quizzes in Doctor Who
Browse Doctor Who
Top Contributed Quizzes in Just For Fun
1
Crossword Whiteout! 49
2
Harry Potter Logic - 'In Chains' II
3
Killer Double Trees 224 - Colour Match-Up
4
Survivor Winners Logic Puzzle
5
Zeroing In: Just For Fun
6
Word Ladder: Ahoy Matey
7
Thermometer Puzzle 25
8
Aquarium Logic Puzzle 17
9
Edinburgh Fringe jokes 2015
10
Big Thermometer Puzzle 21
Explore More
Trending Topics
Kpop
Harry Potter
NBA
Marvel
Disney
Anime
Crossword
Country
Song
NFL
Pokémon
Soccer
Puzzle
WWE
The Office
hide this ad
More By:
SFTxCallum
Quiz
Plays
Rating
Category
Featured
Created
Walking Dead Mega-Death Quiz (TV Series)
8,601
1.65
Television
Apr 2, 2014
Elements Containing Greek Letters
2,475
4.30
Science
Jan 9, 2019
Kyrgyzstan typing challenge
1,745
3.31
Just For Fun
Nov 29, 2012
Mixed Word: Computer Terminology
1,672
3.57
Science
Apr 3, 2012
Quick Science 'Q-U-I-Z' Quiz
1,598
4.47
Science
May 2, 2017
Go to Creator's Profile
Score Distribution
Quiz Creator Spotlight
SFTxCallum
Follow
Send a Message
Quizzes Created
-
Created Quiz Play Count
-
More By This Creator
Popular Quizzes Today
1
Find the Countries of Europe - No Outlines Minefield
2
Find the US States - No Outlines Minefield
3
The Countries of the World
4
Popular People in 1961
5
US States
6
Find the US States
7
1-10 Letter E Words III
8
Risky Map Clicking: Biggest States A-Z
More Just For Fun Quizzes
Word Ladder: Boogie Woogie
Published
Trending Quizzes
Risky Map Clicking: Least Populous States A-Z
1-10 Letter F Words
1-10 Letter G Words
One Thing in Common: United Kingdom
Risky Map Clicking: Next State Alphabetically
Recently Updated
Leaping Animals
pecheneg
Reality TV Shows (A-Z)
bhenderson79
Rickey Henderson's Hall of Fame Teammates
pecheneg
Champions League XIs: Arsenal
pecheneg
Quick Pick: Celebrities in WWE's Hall of Fame
aduchscher
A-Z Keypad Blitz II
pecheneg
Multiple Oscar Actors
pecheneg
Mystery Phrase Blitz: Oscar 'Best Actors'
pecheneg
F. Scott Fitzgerald Novels
LTH
Pick 3 Villains
ddd62291
Trending Topics
Marvel
NBA
Harry Potter
Anime
Disney
Crossword
Kpop
Soccer
Pokémon
WWE
NFL
Country
Puzzle
Song
The Office
Your Account Isn't Verified!
In order to create a playlist on Sporcle, you need to verify the email address you used during registration. Go to your
Sporcle Settings
to finish the process.
Report this User
Report this user for behavior that violates our
Community Guidelines
.
Details:
Send Report
Go to the Sporcle.com Mobile Site →
Comments